000 02193nam0a2200373 i 4500
001 RU\NLR\bibl\1960270
005 20260408085811.0
010 _a9785799606749
_9100
021 _aRU
_b2012-75397
_95582
035 _a(nilc)RSL-KNO-005506470
035 _a(NLR Aleph) 001949287
090 _a3672791
_c3672791
100 _a20121010d2012 k y0rusy50 ca
101 0 _arus
102 _aRU
105 _ay |||||||||
200 1 _aМир истории: новые горизонты. От источника к исследованию
_eматериалы докладов Межрегиональной научной конференции студентов, аспирантов и соискателей, Екатеринбург, 29 октября 2011 г.
_f[редкол.: В. А. Бабинцев (гл. ред.) и др.]
210 _aЕкатеринбург
_cИзд-во Уральского университета
_d2012
215 _a139, [1] с.
_d21
300 _aВ надзаг.: М-во образования и науки Российской Федерации, Уральский федеральный ун-т им. первого Президента России Б. Н. Ельцина
320 _aБиблиогр. в конце докл.
517 0 _aОт источника к исследованию
606 _aВсеобщая история
_jСъезды, совещания и т.п.
_91324332
_3RU\NLR\auth\66234889
686 _aТ3(0)я431(2Р)
_2rubbk
686 _aТ3(2)я431(0)
_2rubbk
686 _aТ3(0)я431
702 1 _aБабинцев
_bВ. А.
_gВладимир Алексеевич
_4340
711 1 2 _a"Мир истории: новые горизонты. От источника к исследованию", межрегиональная научная конференция студентов, аспирантов и соискателей
_eЕкатеринбург
_f2011
_9340451
_3RU\NLR\AUTH\8810227842
801 0 _aRU
_bRuMoRKP
_c20121010
_grcr
801 1 _aRU
_bРГБ
_c20121010
801 2 _aRU
_bNLR
_c20121025
_grcr
942 _cBOOK
980 _aNBR